00278nam a2200109Ia 4500008004100000100002800041245003900069260002900108300000900137942000700146999001500153190216s9999||||xx |||||||||||||| ||und|| aRaymoul & Williams 0aEconomics Of Industrial Management bRobert Publishing London a488p cBK c9381d9381